| 000 | 00575cam a22001817a 4500 | ||
|---|---|---|---|
| 008 | 180718b2000 xxu||||| |||| 00| 0 eng d | ||
| 020 | _a8122005888 | ||
| 082 | _aQ31x54 G155 | ||
| 245 |
_aEconomic reforms for the poor _cedited by Shubhashis Gangopadhyay and Wilima Wadhwa |
||
| 260 |
_aDelhi _bKonark _c2000 |
||
| 300 | _a514p. | ||
| 650 | _aIndia --Social conditions --1947- | ||
| 650 | _aIndia --Economic policy --1980- | ||
| 650 | _aIndia --Economic conditions --1947- | ||
| 650 | _aPoverty --India | ||
| 700 | _aWadhwa, Wilima | ||
| 700 | _aGangopadhyay, Shubhashis | ||
| 999 |
_c489968 _d489968 |
||